000 00498nam a2200157 i 4500
001 61408
003 ES-MaACL
005 20230906164442.0
007 t|
008 031112s1949 sp ||||1| spa d
100 1 _aFabé Fernández Villa-Abrille, Carlos.
_948498
245 1 3 _aLa lotería Nacional en España
_b: historia /
_cpor Carlos Fabé Fernández Villa-Abrille.
260 _aMadrid :
_b[s.n.],
_c1949 (
_fTip. Florez)
300 _a203 p. ;
_c21 cm.
852 _aES-MaACL
_jB-12781
_bR.28771
999 _c61408
_d61408